Farachi biplav (Record no. 9749)
[ view plain ]
| 000 -LEADER | |
|---|---|
| fixed length control field | 00498cam a2200205ua 4500 |
| 008 - FIXED-LENGTH DATA ELEMENTS--GENERAL INFORMATION | |
| fixed length control field | 190403n ii |||gr||||Z||||||asm |
| 020 ## - INTERNATIONAL STANDARD BOOK NUMBER | |
| International Standard Book Number | 9789381485804 |
| 040 ## - CATALOGING SOURCE | |
| Transcribing agency | MAIN |
| 041 ## - LANGUAGE CODE | |
| -- | asm |
| 082 ## - DEWEY DECIMAL CLASSIFICATION NUMBER | |
| Classification number | 944.04 |
| 100 ## - MAIN ENTRY--PERSONAL NAME | |
| Personal name | Dhrubajyoti Bora, |
| Relator term | |
| 245 ## - TITLE STATEMENT | |
| Title | Farachi biplav |
| Statement of responsibility, etc. | By Dhrubajyoti Bora |
| 250 ## - EDITION STATEMENT | |
| Edition statement | 5th ed. |
| 260 ## - PUBLICATION, DISTRIBUTION, ETC. | |
| Place of publication, distribution, etc. | Guwahati: |
| Name of publisher, distributor, etc. | Jyoti prakashan, |
| Date of publication, distribution, etc. | 2015. |
| 300 ## - PHYSICAL DESCRIPTION | |
| Extent | 170,vii p. |
| 942 ## - ADDED ENTRY ELEMENTS (KOHA) | |
| Koha item type | Books |
| 653 ## - INDEX TERM--UNCONTROLLED | |
| Uncontrolled term | France & Monaco |
| 653 ## - INDEX TERM--UNCONTROLLED | |
| Uncontrolled term | French revolution |
| Withdrawn status | Lost status | Damaged status | Not for loan | Home library | Current library | Shelving location | Date acquired | Total Checkouts | Full call number | Barcode | Date last seen | Copy number | Price effective from | Koha item type |
|---|---|---|---|---|---|---|---|---|---|---|---|---|---|---|
| Central Library, Naharkatiya College | Central Library, Naharkatiya College | General Stacks | 19/09/2020 | 944.04French revolution | BOR | 25511 | 19/09/2020 | 1 | 19/09/2020 | Books |
